| 000 | 00824nam a2200217Ia 4500 | ||
|---|---|---|---|
| 003 | Ost | ||
| 005 | 20260507075641.0 | ||
| 008 | 260507s9999||||xx |||||||||||||| ||und|| | ||
| 020 | _a6135172977 | ||
| 040 | _cfsecg | ||
| 041 | _aara | ||
| 082 | _a330 | ||
| 100 |
_aهيلبرونر، روبرت _eمؤلف |
||
| 245 | 0 |
_aالإقتصاد المبسط / _c روبرت هيلبرونر |
|
| 260 |
_aالقاهرة: _bدار غريب للطباعة والتوزيع, _c2004 |
||
| 300 |
_a279 صفحة؛ _bإيضاحات ؛ _c24 سم |
||
| 520 | _aخلفية الإقتصاد ، اقتصاديات المشاكل العامة ، اقتصاديات المشاكل الصغيرة وتشريح نظام السوق | ||
| 653 | _aالإقتصاد | ||
| 700 |
_aثارو، ليستر _eمؤلف ثانوي |
||
| 942 | _cكتاب | ||
| 999 |
_c45419 _d45419 |
||